| 000 | 00580nam a2200217Ia 4500 | ||
|---|---|---|---|
| 005 | 20250425162258.0 | ||
| 008 | 250425s9999 xx 000 0 und d | ||
| 041 | _aeng | ||
| 082 | _a551.41 | ||
| 245 | 0 | _aLABORATORY METHODS IN GEOMORPHOLY | |
| 250 | _aS.E. | ||
| 260 | _aBANGKOK | ||
| 260 |
_aTailandia _bINTERNATIONAL INSTITUTE FOR AERIAL SURVEY AND EARTH SCIENCES ENSCHEDE _c1971 |
||
| 300 | _a40 | ||
| 500 | _aDADO DE BAJA POR OBSOLETO EL 25/02/2011 | ||
| 650 | _aANALISIS | ||
| 650 | _aGEOMORFOLOGIA | ||
| 650 | _aLABORATORIOS | ||
| 942 | _c01 | ||
| 010 | _a59508 | ||
| 999 |
_c225955 _d225955 |
||